| 000 -LEADER |
| fixed length control field |
01133cam a2200337 a 4500 |
| 001 - CONTROL NUMBER |
| control field |
(Sirsi) a790857 |
| 003 - CONTROL NUMBER IDENTIFIER |
| control field |
OSt |
| 005 - DATE AND TIME OF LATEST TRANSACTION |
| control field |
20190725143549.0 |
| 008 - FIXED-LENGTH DATA ELEMENTS--GENERAL INFORMATION |
| fixed length control field |
130610s2003 nyua d 000 1 eng d |
| 020 ## - INTERNATIONAL STANDARD BOOK NUMBER |
| International Standard Book Number |
0385730632 (pbk.) |
| 020 ## - INTERNATIONAL STANDARD BOOK NUMBER |
| International Standard Book Number |
9780385730631 (pbk.) : |
| 040 ## - CATALOGING SOURCE |
| Original cataloging agency |
TAE |
| Language of cataloging |
eng |
| Transcribing agency |
TAE |
| 041 0# - LANGUAGE CODE |
| Language code of text/sound track or separate title |
eng |
| 042 ## - AUTHENTICATION CODE |
| Authentication code |
nbic |
| 082 0# - DEWEY DECIMAL CLASSIFICATION NUMBER |
| Classification number |
FIC DIC |
| 100 1# - MAIN ENTRY--PERSONAL NAME |
| Personal name |
Dickinson, Peter, |
| Dates associated with a name |
1927- |
| Relator term |
author |
| 245 14 - TITLE STATEMENT |
| Title |
The ropemaker / |
| Statement of responsibility, etc. |
Peter Dickinson ; illustrations by Ian Andrew. |
| 260 ## - PUBLICATION, DISTRIBUTION, ETC. |
| Place of publication, distribution, etc. |
New York : |
| Name of publisher, distributor, etc. |
Delacorte Press, |
| Date of publication, distribution, etc. |
[2003] |
| 300 ## - PHYSICAL DESCRIPTION |
| Extent |
375 p. : |
| Other physical details |
ill. ; |
| Dimensions |
21 cm. |
| 505 0# - FORMATTED CONTENTS NOTE |
| Formatted contents note |
Asarta -- Faheel -- Ramdatta. |
| 520 ## - SUMMARY, ETC. |
| Summary, etc. |
When the magic that protects their Valley starts to fail, Tilja and her companions journey into the evil Empire to find the ancient magician Faheel, who originally cast those spells. |
| 521 1# - TARGET AUDIENCE NOTE |
| Target audience note |
13- |
| 650 #0 - SUBJECT ADDED ENTRY--TOPICAL TERM |
| Topical term or geographic name entry element |
Magic |
| Form subdivision |
Juvenile fiction. |
| 650 #0 - SUBJECT ADDED ENTRY--TOPICAL TERM |
| Topical term or geographic name entry element |
Good and evil |
| Form subdivision |
Juvenile fiction. |
| 650 #1 - SUBJECT ADDED ENTRY--TOPICAL TERM |
| Topical term or geographic name entry element |
Magic |
| Form subdivision |
Fiction. |
| 650 #1 - SUBJECT ADDED ENTRY--TOPICAL TERM |
| Topical term or geographic name entry element |
Good and evil |
| Form subdivision |
Fiction. |
| 650 #0 - SUBJECT ADDED ENTRY--TOPICAL TERM |
| Topical term or geographic name entry element |
Fantasy. |
| 655 #7 - INDEX TERM--GENRE/FORM |
| Genre/form data or focus term |
Fantasy fiction. |
| Source of term |
gsafd. |
| 700 1# - ADDED ENTRY--PERSONAL NAME |
| Personal name |
Andrew, Ian, |
| Dates associated with a name |
1962- |
| Relator term |
illustrator |
| 942 ## - ADDED ENTRY ELEMENTS (KOHA) |
| Source of classification or shelving scheme |
|
| Koha item type |
Books - Fiction |